000
00316nam a22001457a 4500
008
210607b ||||| |||| 00| 0 eng d
020
_a
0801630991
041
_a
eng
080
_2
5th
_a
61
082
_a
61
100
_a
3
101
_a
SHM
245
_a
Synopsis of Surgery
_c
Richard D. Liechty
942
_2
udc
_c
BK
999
_c
58035
_d
58035